| 000 | 00826nam a22002537a 4500 | ||
|---|---|---|---|
| 005 | 20170123162327.0 | ||
| 010 | _aB-012736 | ||
| 020 |
_c80.00 _a8187231068 |
||
| 035 | _aB-012736 | ||
| 037 | _bCen Lib/Ret | ||
| 040 |
_aDPL _bUR |
||
| 082 |
_aک _bغ ے ا |
||
| 100 |
_aغیاث رحمٰن _9119698 |
||
| 245 |
_aوہ دن : _cغیاث رحمٰن _bافسانے / |
||
| 246 |
_aVo din : afsane / _bby Ghyas Alrahman |
||
| 260 |
_bتخلیکر پبلشرس _c1998 _aنیی دہلی |
||
| 270 |
_bنیی دہلی _a104/B, یا و ر منذل بلاک لکشمی نگر _e110092 |
||
| 300 |
_a127p. _c20cm(Hb) |
||
| 650 |
_aاردو ادب _9119699 |
||
| 650 |
_aاردو افسانے _x _9889 |
||
| 650 |
_v _aUrdu literature _9119700 |
||
| 650 |
_aUrdu stories _9119701 |
||
| 942 |
_2ddc _cUR _hک _mغ ے ا |
||
| 999 |
_c107492 _d107492 |
||